MARC details
| 000 -CABECERA |
| campo de control de longitud fija |
01912nam a2200265 i 4500 |
| 001 - NÚMERO DE CONTROL |
| campo de control |
000000634 |
| 003 - IDENTIFICADOR DEL NÚMERO DE CONTROL |
| campo de control |
DO-SdBNP |
| 005 - FECHA Y HORA DE LA ÚLTIMA TRANSACCIÓN |
| campo de control |
20260120073949.0 |
| 007 - CAMPO FIJO DE DESCRIPCIÓN FÍSICA--INFORMACIÓN GENERAL |
| campo de control de longitud fija |
ta |
| 008 - DATOS DE LONGITUD FIJA--INFORMACIÓN GENERAL |
| campo de control de longitud fija |
090331s1991 dr a 000 0 spa d |
| 040 ## - FUENTE DE LA CATALOGACIÓN |
| Centro catalogador/agencia de origen |
DO-SdBNP |
| Lengua de catalogación |
spa |
| Centro/agencia transcriptor |
BNPHU |
| Normas de descripción |
rda |
| 082 #4 - NÚMERO DE LA CLASIFICACIÓN DECIMAL DEWEY |
| Número de clasificación |
243 |
| Número de documento/Ítem |
E74p |
| Número de edición |
22 |
| 100 1# - ENTRADA PRINCIPAL--NOMBRE DE PERSONA |
| Nombre de persona |
Escapa Aparicio, Amancio, |
| Títulos y otros términos asociados al nombre |
O.C.D. |
| 9 (RLIN) |
2130 |
| Término indicativo de función/relación |
autor |
| Código de función/relación |
aut. |
| 245 10 - MENCIÓN DE TÍTULO |
| Título |
Palabras en ruta / |
| Mención de responsabilidad, etc. |
Amancio Escapa Aparicio. |
| 264 #1 - PRODUCCIÓN, PUBLICACIÓN, DISTRIBUCIÓN, FABRICACIÓN Y COPYRIGHT |
| Producción, publicación, distribución, fabricación y copyright |
Santo Domingo, República Dominicana |
| Nombre del de productor, editor, distribuidor, fabricante |
Editora Susaeta, |
| Fecha de producción, publicación, distribución, fabricación o copyright |
1991. |
| 300 ## - DESCRIPCIÓN FÍSICA |
| Extensión |
329 páginas : |
| Otras características físicas |
ilustraciones ; |
| Dimensiones |
20 cm. |
| 336 ## - TIPO DE CONTENIDO |
| Término de tipo de contenido |
texto |
| Código de tipo de contenido |
txt |
| Fuente |
rdacontent |
| 337 ## - TIPO DE MEDIO |
| Nombre/término del tipo de medio |
sin mediación |
| Código del tipo de medio |
n |
| Fuente |
rdamedia |
| 338 ## - TIPO DE SOPORTE |
| Nombre/término del tipo de soporte |
volumen |
| Código del tipo de soporte |
nc |
| Fuente |
rdacarrier |
| 505 0# - NOTA DE CONTENIDO CON FORMATO |
| Nota de contenido con formato |
Introducción -- |
| Título |
Gritos en el desierto -- |
| -- |
¿A quién esperan? -- |
| -- |
Les anuncio un gran gozo -- |
| -- |
Escuchar para vivir -- |
| -- |
Serán mis testigos -- |
| -- |
Es cuestión de fe -- |
| -- |
Amar es...saber decir tú -- |
| -- |
La buena noticia -- |
| -- |
Misión imposible -- |
| -- |
¿Cuándo aprenderemos? -- |
| -- |
Aprender a escuchar -- |
| -- |
Dios no veranea -- |
| -- |
Modelos a imitar -- |
| -- |
Mensajero de paz -- |
| -- |
De la promesa a la realidad -- |
| -- |
¿A quién acudimos? -- |
| -- |
Cuidado con las apariencias -- |
| -- |
Divagando -- |
| -- |
Escuchar para hablar -- |
| -- |
Un reto -- |
| -- |
Ir contra corriente -- |
| -- |
No es de los nuestros -- |
| -- |
Somos tres -- |
| -- |
Caminos difíciles -- |
| -- |
Al estilo humano -- |
| -- |
Iglesia misionera -- |
| -- |
La aventura de vivir -- |
| -- |
La esperanza cristiana -- |
| -- |
Vidas normales -- |
| -- |
Gracias -- |
| -- |
El Reino de Dios es nuestro -- |
| -- |
Familia y vocación religiosa -- |
| -- |
Año litúrgico -- |
| -- |
Doble dimensión -- |
| -- |
Actualidad de unos gritos -- |
| -- |
¿Qué hacemos? -- |
| -- |
Al doblar de la esquina -- |
| -- |
Páginas en blanco -- |
| -- |
¡Qué buenos son los Reyes Magos! -- |
| -- |
Nacidos para la fraternidad -- |
| -- |
El cambio -- |
| -- |
La montaña -- |
| -- |
¿Seguridad? -- |
| -- |
Noticia viva -- |
| -- |
Gritos de júbilo -- |
| -- |
¡Resucitó! ¡Aleluya! -- |
| 590 ## - NOTA LOCAL (RLIN) |
| Nota local |
Inventariado, 2018/BT |
| 650 #0 - PUNTO DE ACCESO ADICIONAL DE MATERIA--TÉRMINO DE MATERIA |
| Término de materia o nombre geográfico como elemento de entrada |
Vida espiritual |
| 9 (RLIN) |
268 |
| 650 #4 - PUNTO DE ACCESO ADICIONAL DE MATERIA--TÉRMINO DE MATERIA |
| Término de materia o nombre geográfico como elemento de entrada |
Literatura cristiana |
| 9 (RLIN) |
2131 |
| 942 ## - ELEMENTOS DE PUNTO DE ACCESO ADICIONAL (KOHA) |
| Fuente del sistema de clasificación o colocación |
Dewey Decimal Classification |
| Tipo de ítem Koha |
Libro |